000 01537nam a2200421Ii 4500
001 DIGVEDIV0561
003 NyNyDIG
008 230705s2023 sp ob 000 0 spa d
006 m o d
007 cr |||||||||||
035 _a(OCoLC)1391272799
040 _aDGITA
_beng
_erda
_epn
_cDGITA
020 _a9788490738818
_qeBook
020 _z9788490738696
050 1 4 _aBF576 ebook
100 1 _aVigo, J. Nicolás
_eauthor.
245 1 3 _aLa sabiduría que duerme en ti :
_bInteligencia emocional /
_cJ. Nicolás Vigo.
264 1 _aEstella (Navarra), España :
_bEVD, Editorial Verbo Divino,
_c[2023]
300 _a1 online resource
336 _atext
_btxt
_2rdacontent
337 _acomputer
_bc
_2rdamedia
338 _aonline resource
_bcr
_2rdacarrier
347 _atext file
_2rdaft
347 _bEPUB
490 1 _aSurcos.
504 _aIncludes bibliographical references.
588 0 _aOnline resource; title from ePub title page (Digitalia, viewed July 5, 2023)
650 0 _aEmotional intelligence.
650 0 _aWisdom.
650 0 _aHope.
791 2 _aDigitalia (Firm),
_edistributor.
793 0 _gDigitalia eBook Collection:
_aEditorial Verbo Divino
776 0 8 _iPrint version:
_aVigo, J. Nicolás.
_tSabiduría que duerme en ti.
_dEstella (Navarra), España : EVD, Editorial Verbo Divino, [2023]
_z9788490738696
830 0 _aSurcos (Estella, Spain)
856 4 0 _3Digitalia Hispánica
_uhttps://www.digitaliapublishing.com/a/125807/
910 _aPremium collection: 2023
942 _cRAA
999 _c277648
_d277648